1651 1119 1026 1205 1852 1915 1803 1148 1533 1606 1694 1111 1870 1366 1051 1528 1077 1365 1094 1006 1400 1220 1965 1983 1469 1163 1311 1230 1921 1727 1418 1674 1903 1599 1610 1944 1526 1213 1533 1988 1785 1164 1426 1277 1992 1318 1259 1905 1031 1158 1108 1652 1267 1124 1060 1803 1263 1941 1361 1034 1221 1762 1345 1641 1169 1018 1903 1912 1534 1971 1149 1439 1739 1101 1597 1453 1489 1297 1882 1210 1739 1328 1898 1811 1277 1025 1553 1839 1844 1392 1076 1257 1060 1399 1493 1993 1838 1873 1561 BCNSPRNW ULIB Ver.6.0+V

เปลี่ยนเป็นภาษาไทย

Change to English
 แสดงรายละเอียดบรรณานุกรม
  กลับหน้าหลัก

Brief Record : Get Marc (ISO 2709) : E-mail record : QR code < ปิดหน้าต่าง
LEADER : 00000nam 2200000uu 4500
001    13399123034
003     ULIB
008    131128s2555||||th 000 0 tha d
020    ^a9786162142833
090    ^aนว.^bพ187พ ล.31
100 0  ^aพนมเทียน
245 10 ^aเพชรพระอุมา: ไอ้งาดำ เล่ม 3/^cพนมเทียน
250    ^aพิมพ์รวมเล่มครั้งที่ 6
260    ^aกรุงเทพฯ :^bณ บ้านวรรณกรรม,^c2555
300    ^a332 หน้า
505 00 ^a^gล.1-4^tไพรมหากาฬ --^gล.5-8^tดงมรณะ -- ^gล.9-12^tจอมผีดิบมันตรัย -- ^gล.13-16^tอาถรรพณ์นิทรานคร -- ^gล.17-20^tป่าโลกล้านปี -- ^gล.21-24^tแงซายจอมจักรา -- ^gล.25-28^tจอมพราน -- ^gล.29-32^tไอ้งาดำ -- ^gล.33-36^tจิตรางคนางค์-- ^gล.37-40^tนาคเทวี -- ^gล.41-44^tแด่ปางบรรพ์ -- ^gล.45-48^tมงกุฎไพร
650  4 ^aนวนิยายไทย
945    ^p225^l0^i034235
999    ^aเกษร โพธิ์สุวรรณ
รายการนี้ยังไม่มีแท็ก
คุณยังไม่ได้ล็อกอิน คุณสามารถมีกิจกรรมร่วมกับเว็บไซต์ได้ แต่ต้องล็อกอินก่อน ::
  ล็อกอิน

รายการสื่อสารสนเทศ

ลำดับที่ ประเภท เลขเรียก/บาร์โค้ด สถานที่ สถานะ
1. นวนิยาย
นวนิยาย
นว. พ187พ ล.31 ฉ.1 
  Barcode: 034235
ห้องสมุดวิทยาเขตสวรรค์ประชารักษ์
►นวนิยาย
บนชั้น
  ขอยืม

รายการใกล้เคียง
    ผู้แต่ง [พนมเทียน]

    หัวเรื่อง [นวนิยายไทย]

BibComment


ยังไม่เคยถูกคอมเมนท์

คอมเมนท์ทรัพยากรรายการนี้
  คอมเมนท์: เพชรพระอุมา ไอ้ง..


 Copyright 2026. Bcnsprnw @Library